Proporzioni geografiche e storiche - Statistics

Statistiche generali
  • Questo quiz è stato fatto 114 volte
  • Il punteggio medio è 9 su 15
Statistiche sulle risposte
DOMANDA RISPOSTA % Corretto
Palermo: Sicilia = Cagliari:? Sardegna
100%
Bolivia: America = Yemen:? Asia
97%
Nilo: Egitto= Rio della Amazzoni:? Brasile
95%
Mussolini: Italia= Franco:? Spagna
95%
Tivoli: Roma= Assisi:? Perugia
85%
Braunau: Hitler= Ajaccio:? Napoleone
81%
Edison: Lampadina= Marconi:? Radio
74%
Savoia: Italia= Grimaldi:? Monaco
54%
Khartoum: Sudan= Monrovia:? Liberia
52%
Mosca: URSS= Bonn:? Germania Ovest
51%
Cina: Canton= Turchia:? Istanbul
40%
Caligola: 41 d.C.= Cesare:? 44
34%
Romanov: Palazzo d'Inverno= Qing:? Città Proibita
34%
Sacramento: California= Tallahassee:? Florida
34%
1963: JFK= 1968:? MLK
14%
Nessun quiz corrispondente trovato
Distribuzione punteggi
Percentuale di utenti per punteggio
Percentile per numero di risposta
I tuoi punteggi nel tempo
Non hai fatto questo quiz